000 00222 a2200097 4500
001 3879
100 _aMerrill, G
245 _aDictionary of guided missiles & space flight
260 _a
_bVan Nost
_c
090 _c3109
_d3109
942 _aNUST-CAE
_cM
_c23436
999 _c238952
_d238952